000 01193nam a2200301 c 4500
999 _c116978
_d116978
003 BLK
005 20230406113940.0
008 180409b bul|||||r ||||||| ||bul||
010 _aKNG00122547000
040 _aBLK
041 _aBUL
_cBUL
080 _aАмериканска литература (на САЩ)
_b821.111(73)
_x-31
_z821.111(73)-31
100 1 _aАзимов, Айзък
_eпърви автор
_9364062
139 _aАзимов, Айзък
_bА 36
245 1 0 _aЛуните на Юпитер
_bНаучнофантаст. роман
_cАйзък Азимов; прев. от англ. Григор Б. Попхристов.
257 _aSUN
260 _aСофия
_bОтечество
_c1987
300 _a192 с.
_bс ил.
_c17 см
380 _aX
490 _aФантастика
_9201187
500 _aОриг. загл. The Moons of Jupiter / Isaac Asimov.
700 1 _aПопхристов, Григор Б.
_eпрев. от англ.
_9294638
852 _aЦб І 23347
856 4 _qpdf
_i0.00
_ldisable
856 4 _qpdf
_i0.00
_ldisable
942 _cKNG
_n0
_s1
944 _aCR
_c31.03.2011
_lдобави в АБ / 30.03.2011
_kВиолета_Тройчева
944 _aED
_c31.03.2011
_lдобави в АБ / 30.03.2011
999 _d116978